00548ntaaa2200181 45000030003000000050017000030080021000200400037000410820018000782450073000962500010001692600064001793000019002435000034002626500028002967000022003247000020003460120251027202413.00714s1973 ag 01  aAR-BaBNbspacAR-BaBNeaacrdRIC a286.1680 B24b aThe Barkley West National Awareness Workshop ... an empowered future a1 ed. aJohannesburg : bBaptist Convention of South Africa, c1990 a84 p ; c21 cm aContiene notas bibliograficas aAfrica de Sur-bautistas aHoffmeister, Des  aGurney, Gurney